00855 2200229 4500001002100000005001700021008004100038035002400079040001200103082001200115090001900127111005500146245013700201260012100338300003100459504003100490650003300521700002100554700002300575850001200598990001500610YOGYA-0209000003508120090227024953.0 ind  0010-020900000035081 aYOPDYOG a992.522 a922.522bPro S aPROYEK PENELITIAN DAN PENCATATAN KEBUDAYAAN DAERAH aSejarah daerah Kalimantan SelatancProyek Penelitian dan Pencatatan Kebudayaan Daerah; editor, Sutrisno Kutoyo, Sri Sutjiantiningsih aJakartabProyek Penelitian dan Pencatatan Kebudayaan Daerah Pusat Penelitian Sejarah dan Budaya Depdikbudc1977/1978 aviii, 177 hlmbilusc23 cm aBibliografi : hlm. 173-177 aKalimantan Selatan - Sejarah aKutoyo, Sutrisno aSri Suciatiningsih aYOPDYOG aa000060465